Diseño y administración de proyectos de innovación tecnológica

Uloženo v:
Podrobná bibliografie
Hlavní autoři: Cadena, Gustavo (Autor), Waissbluth S., Mario (Autor), Solleiro, José Luis (Autor)
Korporativní autor: CINDA (Autor)
Médium: Kniha
Jazyk:španělština
Vydáno: Santiago CINDA 1989
Edice:Serie Manuales I & D
Témata:
Tagy: Přidat tag
Žádné tagy, Buďte první, kdo vytvoří štítek k tomuto záznamu!

MARC

LEADER 00000nam a2200000 a 4500
001 UCV3882
003 CL-VaPUC
008 911024e19890000CL |||||||||||||||||spa|d
082 0 4 |a 602  |b CAD  |2 21 
100 0 |a Cadena, Gustavo  |e author  |9 298289 
700 0 |a Waissbluth S., Mario  |e author  |9 298290 
700 0 |a Solleiro, José Luis  |e author  |9 298291 
110 2 |a CINDA  |e author  |9 298292 
245 1 0 |a Diseño y administración de proyectos de innovación tecnológica 
300 |a 152 p 
942 |c BK 
945 |d 19911024 00:00:00 
260 |a Santiago  |b CINDA  |c 1989 
650 7 |a INNOVACIONES TECNOLOGICAS  |2 CL-VaPUC  |9 298293 
583 |a last modification  |c 19911024 00:00:00  |k Rodrigo Vera 
490 0 |a Serie Manuales I & D 
999 |c 210995  |d 210993 
952 |0 0  |1 0  |4 0  |6 602_000000000000000_CAD_1989  |7 0  |8 A  |9 188200  |a BIBALI  |b BIBALI  |c GEN  |d 2019-11-14  |i 2556626  |o 602 CAD 1989  |p 2556626  |r 2025-01-20  |w 2019-11-14  |y BK  |k ALI